000 00508nam a2200229Ia 4500
003 OSt
005 20220924142838.0
006 a|||||r|||| 00| 0
007 ta
008 ASM
024 _a303508
037 _cTextual
040 _aARTS
_cARTS
_bASM
041 _2ASM
_aASM
082 _aNS:261, 158L8
100 _aGoswami
245 0 _aAsamar natya nritya kala
260 _c1978
650 _aARTS
942 _hNS:261, 158L8
_cTEXL
_2CC
999 _c452159
_d452159